00999nam a2200253 i 4500001000700000003000900007005001700016007000300033008004100036080001500077100003000092245017200122260003500294300002200329490003300351650003100384650002500415700002600440700003100466830004100497852006600538999001900604952012200623104952ES-MaACL20250827231409.0t|060531s1948 fr ||||1| fre d a165.72(38)0 aSexto Empírico.910595710aOeuvres choisies b: Contre les physicines, Contre les moralistes, Hypotyposes pyrrhoniennes / cde Sextus Empiricus ; traduites par Jean Grenier et Geneviève Goron. aAubier : bMontaigne, c[1948] a348 p. ; c19 cm.1 aBibliothèque philosophique17aEscepticismo2embne91235304aEscépticos.9123561 aGrenier, Jean.9599441 aGoron, Geneviève.9592050 aBibliothèque philosophique9184873 aES-MaACLjE-11294 z. - Biblioteca Jacinto Martínez Lacalle c104952d104952 00104070aATENEOMbATENEOMcDEPO2d2008-01-17eSCl0oE-11294p1109566r2023-02-23 00:00:00w2023-02-23yMONOGRAFIA